000 01660nam a2200349 a 4500
999 _c418488
_d418488
003 BLK
005 20240406121451.0
008 201026b bu |||||r|||| 00| | bu d
020 _a9786190107118
040 _aBLK
041 _aBUL
_cBUL
080 _aВтора световна война
_b94(100)"1939/1945"
_z94(100)"1939/1945"
080 _aИстория на войните. Военни кампании. Битки. Военни подвизи
_b355.48
_z355.48(430)
100 _9300912
_aБийвър, Антъни
_eпърви автор
139 _aБийвър, Антъни
_bБ 44
245 _aБитката за Испания
_bИспанската гражданска война 1936-1939
_cАнтъни Бийвър ; прев. от англ. Мария Кондакова
260 _9210881
_aСофия
_bИзток-Запад
_c2020
_n978-619-01- ; 978-619-152- ; 978-954-321- ; 954-8945-
300 _a478 с.
_bс ил., портр.,к.
_c24 см
380 _a9
500 _aОриг. загл.: The battle for Spain / Antony Beevor. - Азб. показалец
504 _aБиблиогр.: с. 489-502
650 0 _9266732
_aВтора световна война
651 7 _9178962
_aИспания
653 7 _9183507
_aвоенна история
700 _aКондакова, Мария Атанасова
_d1969 -
_gПреводач от английски език
_9286302
852 _bЦб
_aЦб 307561
852 _bП
_c94(100)"1939/1945"/Б 44 А
942 _cKNG
_n0
_s1
_09
944 _aED
_c2021-08-05
_k30575
_lМартин Енчев
944 _aCR
_kВ. Т.
999 _d418488